00437nam a2200145Ia 4500008004100000020001800041041000800059082001900067100002100086245009200107260002600199300002800225365001700253700002100270230718s9999 xx 000 0 und d a9783658039745 aeng a629.28'72bREI aReif K. (Editor) aAutomotive Mechatronics bAutomotive Networking, Driving Stability Systems, Electronics c2015bSpringer Vieweg a538dRef 1632 E (51346) cRs.b3523.00 aReif K. (Editor)